Hospitalet de Llobregat : municipio suburbano : estudio de sociología urbana / Francisco Ivern municipio suburbano :
Publicado:
Barcelona :
Sección de Sociología del Centro de Estudios Económicos, Jurídicos y Sociales del Consejo Superior de Investigaciones Científicas ,
1960
Descripción Física:
188 p. : il., gràf., [16] plànols pleg. ; 24 cm
Colección:
Monografías sociológicas ; 1
MARC
| LEADER | 00000nam a2200000Ia 4500 | ||
|---|---|---|---|
| 001 | 14015 | ||
| 008 | 160829s1960 xx 000 0 cat d | ||
| 080 | |a M-4-83 | ||
| 100 | |a Ivern, Francisco |9 24752 | ||
| 245 | |a Hospitalet de Llobregat : |b municipio suburbano : |b estudio de sociología urbana / Francisco Ivern | ||
| 260 | |a Barcelona : |b Sección de Sociología del Centro de Estudios Económicos, Jurídicos y Sociales del Consejo Superior de Investigaciones Científicas, |c 1960 | ||
| 300 | |a 188 p. : |b il., gràf., [16] plànols pleg. ; |c 24 cm | ||
| 490 | |a Monografías sociológicas ; 1 | ||
| 590 | |a Notes, referències bibliogràfiques, bibliografia | ||
| 650 | |a Sociologia urbana |x Hospitalet de Llobregat |9 24753 | ||
| 651 | 0 | |a Hospitalet de Llobregat, L' (Catalunya) |x Condicions socials |9 54233 | |
| 700 | |a Centro de Estudios Económicos, Jurídicos y Sociales. Sección de Sociología |9 28458 | ||
| 901 | |a Arxiu | ||
| 942 | |n 1 | ||
| 952 | |0 0 |1 0 |4 0 |6 M483 |7 1 |9 43303 |a Arxiu |b Arxiu |d 2016-12-01 |l 0 |o M-4-83 |p 14015 |r 2016-12-01 00:00:00 |w 2016-12-01 |y ARXIU | ||
| 999 | |c 45848 |d 45848 | ||